| 000 | 00487nam a22001817a 4500 | ||
|---|---|---|---|
| 003 | CEME | ||
| 005 | 20210628204519.0 | ||
| 008 | 210219b xxu||||| |||| 00| 0 eng d | ||
| 020 | _a0-471-85937-0 | ||
| 040 | _c. | ||
| 082 | _a621.3693 LEE'E | ||
| 100 |
_aLee, Donald L _970564 |
||
| 245 | _aElectromagnetic principles of integrated optics | ||
| 260 |
_aNEWYORK _bJOHN WILEY _c1986 |
||
| 300 | _a331P | ||
| 650 |
_aELECTROMAGNETIC THEORY INTEGRATED OPTICS _970565 |
||
| 942 |
_cBK _2ddc |
||
| 999 |
_c577536 _d577536 |
||